| 000 | 00823nam a2200241 i 4500 | ||
|---|---|---|---|
| 001 | bg | ||
| 245 | 0 | 0 |
_aPostrzeganie Europy / _cpod red. Józefa Niżnika ; [aut.] Jan Garlicki [et al.]. |
| 260 |
_aWarszawa : _bPolskie Towarzystwo Współpracy z Klubem Rzymskim, _c1991. |
||
| 300 |
_a98, [1] s. ; _c20 cm. |
||
| 650 | 9 |
_aIntegracja europejska _xsocjologia _yod 1989 r. |
|
| 650 | 9 |
_aMłodzież _xsocjologia _zPolska _yod 1989 r. |
|
| 650 | 9 |
_aŚwiadomość społeczna _xbadanie _zPolska _yod 1989 r. |
|
| 650 | 9 |
_aPolityka _xsocjologia _zPolska _yod 1989 r. |
|
| 700 | 1 |
_aNIŻNIK, Józef. _eRed. |
|
| 700 | 1 | _aGARLICKI, Jan. | |
| 020 | _a8390020637 | ||
| 040 | _cBPK | ||
| 041 | 0 | _apl | |
| 080 | _a316.64(438):327(4)]"1989/..." | ||
| 920 | _a83-900206-3-7 | ||
| 942 | _cKS | ||
| 008 | s pl f |000 0 pol | ||
| 999 |
_c32540 _d32540 |
||
| 856 |
_uhttp://koha.tu.koszalin.pl/cgi-bin/koha/opac-detail.pl?biblionumber=32540 _yKatalog online BPK |
||